Washington Nationals 2025 Roster - Statistics

General Stats
  • This quiz has been taken 26 times
  • The average score is 15 of 31
Answer Stats
Jersey # Pos Player % Correct
5 SS CJ Abrams
94%
29 LF James Wood
94%
20 C Keibert Ruiz
94%
1 P MacKenzie Gore
88%
30 CF Jacob Young
75%
2 2B Luis Garcia Jr
75%
3 RF Dylan Crews
69%
70 P Mitchell Parker
69%
26 SS Nasim Nunez
69%
15 C Riley Adams
63%
55 3B Brady House
56%
27 P Jake Irvin
56%
19 1B Josh Bell
56%
57 CF Robert Hassell III
56%
87 1B Andres Chaparro
50%
51 RF Daylen Lile
50%
81 C Drew Millas
50%
99 BP Cole Henry
44%
24 P Cade Cavalli
31%
47 BP Jose A. Ferrer
31%
14 3B Paul DeJong
31%
79 BP Jackson Rutledge
25%
44 C Jorge Alfaro
25%
54 P Andrew Alvarez
19%
39 BP Clayton Beeter
19%
71 BP Mason Thompson
19%
50 BP PJ Poulin
19%
16 BP Shinnosuke Ogasawara
19%
61 P Brad Lord
13%
64 BP Orlando Ribalta
13%
45 BP Konnor Pilkington
6%
No matching quizzes found
Score Distribution
Percent of People with Each Score
Percentile by Number Answered
Your Score History
You have not taken this quiz